000 01290cam a22003617i 4500
001 18253516
003 OSt
005 20170803173752.0
008 140804t20142014enka b 001 0 eng d
010 _a 2014395731
020 _a9780124104105 (pbk.)
020 _a012410410X (pbk.)
020 _a9780124104587 (electronic bk.)
020 _a0124104584 (electronic bk.)
035 _a(OCoLC)ocn868262547
040 _aCDX
_beng
_cCDX
_erda
_dOCLCO
_dOCLCQ
_dOCLCO
_dOCLCQ
_dBNG
_dSUC
_dOCLCO
_dDLC
042 _alccopycat
050 0 0 _aQA76.95
_b.M435 2014
050 1 4 _aTA345
_b.M39 2014
082 0 4 _a510
_223
_bMBE
100 1 _aMaxfield, Brent.
_958280
245 1 0 _aEssential PTC® Mathcad Prime® 3.0 :
_ba guide for new and current users /
_cBrent Maxfield, P.E.
300 _axix, 563 pages :
_billustrations ;
_c24 cm
504 _aIncludes bibliographical references and index.
630 0 0 _aMathCAD.
_958281
650 0 _aNumerical analysis
_xComputer programs.
_945208
650 0 _aComputer-aided engineering.
_937507
650 0 _aEngineering mathematics
_xData processing.
_95684
650 7 _aMathematics.
_2ukslc
_958282
906 _a7
_bcbc
_ccopycat
_d2
_encip
_f20
_gy-gencatlg
942 _2ddc
_cBOOK
999 _c40358
_d309978